| 000 | 00901nac a22002171u 4500 | ||
|---|---|---|---|
| 010 | _a 87021359 | ||
| 020 | _a0070177627 : | ||
| 082 | 0 | 0 |
_a660.281 _bD733 |
| 090 |
_c4497 _d4497 |
||
| 100 | _aDouglas, James M. | ||
| 245 | 1 | 0 |
_aConceptual design of chemical processes / _cJames M. Douglas. |
| 260 |
_aNew York : _bMcGraw-Hill,1988 _c1988. |
||
| 300 |
_axviii, 601 p. : _bill. ; _c25 cm. |
||
| 440 | 0 | _aMcGraw-Hill chemical engineering series | |
| 504 | _aIncludes bibliographical references and indexes. | ||
| 650 | 0 | _aChemical processes. | |
| 856 | 4 | 2 |
_3Publisher description _uhttp://www.loc.gov/catdir/description/mh022/87021359.html |
| 856 | 4 | 2 |
_3Table of contents _uhttp://www.loc.gov/catdir/toc/mh021/87021359.html |
| 942 |
_cBB _k660.281D733 |
||
| 999 |
_c4497 _d4497 |
||